Language Quiz

Random Language or Letter Quiz

Onomatopoeia (A-Z) Quiz Stats

 Plays Quiz Updated Nov 17, 2016

Score 0/25 Timer 04:00
0 Plays Today
Letter Word % Correct
BBoom!
98.2%
DDing!
96.4%
AAchoo!
95.9%
GGrowl!
92.7%
MMeow!
92.4%
OOw!
92.1%
QQuack!
91.9%
PPop!
90.9%
KKnock!
89.2%
RRumble!
87%
FFizz!
86.7%
SSlurp!
86.5%
VVroom!
86.5%
Letter Word % Correct
JJangle!
85.2%
LLa!
84.6%
NNeigh!
84.1%
CCrunch!
82.7%
HHonk!
82.7%
IItch!
80.3%
EEek!
79%
WWham!
77.2%
UUgh!
74.9%
ZZap!
74.6%
YYikes!
73.1%
TTwang!
52%

You're not logged in!

Compare scores with friends on all Sporcle quizzes.
OR
Log In

Sporcle TV

Today on Sporcle TV


Watch our educational content, quiz creation guides, and fun videos on Sporcle TV.

Show Comments

Extras

Top Quizzes Today


Score Distribution

Your Account Isn't Verified!

In order to create a playlist on Sporcle, you need to verify the email address you used during registration. Go to your Sporcle Settings to finish the process.

Report this User

Report this user for behavior that violates our Community Guidelines.

Details: